[Event "StL-Qual"]
[Site "?"]
[Date "????.??.??"]
[Round "1"]
[White "Kranewitter, Norbert"]
[Black "Steiner, Bruno"]
[Result "1/2-1/2"]
[WhiteElo "2205"]
[BlackElo "2170"]
[PlyCount "21"]

1. e4 e5 2. Nf3 Nc6 3. Bb5 a6 4. Bxc6 dxc6 5. O-O f6 6. d4 exd4 7. Nxd4 c5 8.
Nb3 Qxd1 9. Rxd1 Bg4 10. f3 Be6 11. Bf4 1/2-1/2

[Event "StL-Qual"]
[Site "?"]
[Date "????.??.??"]
[Round "1"]
[White "Heidenfeld, Mark"]
[Black "Videki, Sandor"]
[Result "1/2-1/2"]
[WhiteElo "2320"]
[BlackElo "2430"]
[PlyCount "126"]

1. e4 c5 2. Nf3 d6 3. d4 cxd4 4. Nxd4 Nf6 5. Nc3 Nc6 6. Be2 g6 7. Be3 Bg7 8.
O-O O-O 9. Nb3 Be6 10. f4 Rc8 11. Bf3 Nd7 12. Kh1 Na5 13. Nxa5 Qxa5 14. Bd4
Bxd4 15. Qxd4 Rc4 16. Qe3 Qc5 17. Rae1 Rc8 18. f5 Rxc3 19. Qxc3 Qxc3 20. bxc3
Bxa2 21. Re3 Bc4 22. Ra1 a6 23. e5 Nxe5 24. Bxb7 Rc7 25. Be4 Ng4 26. Rf3 Be2
27. fxg6 hxg6 28. Rf4 e5 29. Rxg4 Bxg4 30. Rxa6 Rxc3 31. h3 Bd1 32. Rxd6 Bxc2
33. Rc6 Rxc6 34. Bxc6 e4 35. g3 e3 36. Kg2 Bd1 37. Kf1 f5 38. Ke1 Bh5 39. h4
Kf7 40. Bb5 Kf6 41. Kf1 Ke5 42. Bd7 Ke4 43. Bc6+ Kd3 44. Ke1 Kd4 45. Kf1 Kc5
46. Be8 Kd5 47. Bb5 Ke6 48. Bc6 Kf6 49. Bb5 f4 50. gxf4 Kf5 51. Bd3+ Kxf4 52.
Bc2 Kg4 53. Ke2 Kf4+ 54. Kf1 Kg3 55. Bd3 Kf4 56. Bc2 Ke5 57. Bd3 Kd4 58. Bb1
Ke5 59. Bd3 Kf6 60. Ke1 Kg7 61. Kf1 Bg4 62. Bb5 Kh6 63. Be8 g5 1/2-1/2

[Event "StL-Qual"]
[Site "?"]
[Date "????.??.??"]
[Round "1"]
[White "Boehsmueller, Raimund"]
[Black "Wukits, Rene"]
[Result "1/2-1/2"]
[WhiteElo "2175"]
[BlackElo "2250"]
[PlyCount "82"]

1. Nf3 b5 2. c3 e6 3. e4 Bb7 4. Bxb5 Bxe4 5. d4 Nf6 6. Nbd2 Bb7 7. O-O Be7 8.
Re1 O-O 9. a4 c5 10. Bd3 Nc6 11. dxc5 Bxc5 12. b4 Be7 13. a5 Rc8 14. Nb3 Qc7
15. Bd2 d6 16. Bf1 e5 17. b5 Nd8 18. c4 Nd7 19. Be3 Ba8 20. Rc1 Ne6 21. Nfd2 f5
22. f3 Ndc5 23. Rb1 Bh4 24. g3 Bg5 25. Bf2 Rb8 26. Nxc5 dxc5 27. Nb3 Bf6 28.
Bg2 Rfd8 29. Qc2 g6 30. a6 Rbc8 31. Qa2 Rd3 32. Qe2 Rd6 33. Red1 Rcd8 34. Kf1
Kf7 35. Rxd6 Qxd6 36. Ke1 Nd4 37. Nxd4 exd4 38. Qd3 h5 39. Kf1 Re8 40. Re1 Re6
41. Re2 Bd8 1/2-1/2

[Event "StL-Qual"]
[Site "?"]
[Date "????.??.??"]
[Round "1"]
[White "Lenz, Alarich"]
[Black "Ganaus, Hannes"]
[Result "1-0"]
[WhiteElo "2220"]
[BlackElo "2245"]
[PlyCount "109"]

1. c4 e5 2. Nc3 Bb4 3. Nd5 Be7 4. d4 d6 5. e4 Nf6 6. Nxe7 Qxe7 7. f3 O-O 8. Ne2
exd4 9. Qxd4 Nc6 10. Qc3 Ne5 11. Be3 a6 12. Nf4 c5 13. Be2 Bd7 14. O-O b5 15.
Rfd1 Rfd8 16. b3 b4 17. Qe1 Kh8 18. Qh4 Rg8 19. Nh3 Bxh3 20. Qxh3 g5 21. Qf5
Ne8 22. Rd2 a5 23. a4 Rg6 24. Rad1 Ng7 25. Qh3 Rg8 26. Rd5 Ne8 27. Bc1 Qe6 28.
Qxe6 Rxe6 29. Bb2 f6 30. Kf2 Kg7 31. g3 Kf8 32. Bf1 h5 33. h4 Ke7 34. hxg5 fxg5
35. Bxe5 dxe5 36. Rxc5 g4 37. fxg4 Nf6 38. Bg2 Rxg4 39. Rxa5 h4 40. gxh4 Nxe4+
41. Bxe4 Rxe4 42. Ra7+ Kf6 43. h5 Rh4 44. Ke3 Rxh5 45. Rf1+ Kg6 46. Rb7 e4 47.
Rxb4 Rh3+ 48. Ke2 e3 49. c5 Rh2+ 50. Ke1 Kh5 51. Rb8 Kg6 52. Rb6 Rxb6 53. cxb6
Rb2 54. Rf8 Rxb3 55. a5 1-0

[Event "StL-Qual"]
[Site "?"]
[Date "????.??.??"]
[Round "1"]
[White "Raubal, Martin"]
[Black "Wallner, Alfred"]
[Result "1/2-1/2"]
[WhiteElo "2235"]
[BlackElo "2215"]
[PlyCount "60"]

1. e4 c5 2. c3 Nf6 3. e5 Nd5 4. d4 cxd4 5. Nf3 e6 6. cxd4 b6 7. Bd3 Bb4+ 8. Bd2
Bxd2+ 9. Qxd2 Ba6 10. O-O O-O 11. Nc3 Nxc3 12. Qxc3 Bxd3 13. Qxd3 Nc6 14. Rac1
Rc8 15. a3 d6 16. Qa6 dxe5 17. dxe5 Rc7 18. Qc4 Rc8 19. Qe4 Na5 20. Rxc8 Qxc8
21. Ng5 g6 22. Qh4 h5 23. Ne4 Qc2 24. Nf6+ Kg7 25. g4 Qxb2 26. Nxh5+ gxh5 27.
Qg5+ Kh7 28. Qxh5+ Kg8 29. Qg5+ Kh7 30. Qh5+ Kg8 1/2-1/2

[Event "StL-Qual"]
[Site "?"]
[Date "????.??.??"]
[Round "2"]
[White "Wach, Markus"]
[Black "Videki, Sandor"]
[Result "1/2-1/2"]
[WhiteElo "2410"]
[BlackElo "2430"]
[PlyCount "82"]

1. e4 c5 2. c3 Nf6 3. e5 Nd5 4. d4 cxd4 5. Nf3 Nc6 6. cxd4 d6 7. a3 g6 8. Bc4
Nb6 9. Ba2 Bg7 10. Ng5 d5 11. f4 f6 12. Nf3 Bg4 13. O-O O-O 14. Be3 Qd7 15.
Nbd2 Na5 16. h3 Bxf3 17. Nxf3 Rac8 18. b3 Nc6 19. Rc1 Nd8 20. Rxc8 Nxc8 21. Qd3
Ne6 22. f5 gxf5 23. Bb1 fxe5 24. Nxe5 Bxe5 25. dxe5 Ng7 26. Bh6 e6 27. Qg3 Rf7
28. Qg5 Ne7 29. g4 Kh8 30. a4 Qc7 31. Qe3 Qb6 32. Qxb6 axb6 33. Be3 Nc6 34.
Bxb6 Kg8 35. gxf5 Nxf5 36. Rf4 Nxe5 37. a5 Rg7+ 38. Kf2 Ng6 39. Rg4 Rf7 40. Ke2
Kg7 41. b4 e5 1/2-1/2

[Event "StL-Qual"]
[Site "?"]
[Date "????.??.??"]
[Round "2"]
[White "Ganaus, Hannes"]
[Black "Martinovic, Slobodan"]
[Result "1/2-1/2"]
[WhiteElo "2245"]
[BlackElo "2470"]
[PlyCount "81"]

1. d4 Nf6 2. Nf3 g6 3. c4 Bg7 4. Nc3 O-O 5. Bg5 d6 6. e3 c6 7. Be2 a6 8. O-O b5
9. a3 bxc4 10. Bxc4 Nbd7 11. Qe2 c5 12. Rfd1 Bb7 13. Rac1 cxd4 14. Nxd4 Qb6 15.
b4 Rac8 16. Na4 Qa7 17. Bb3 d5 18. Nf3 e6 19. Bf4 Ne4 20. Ng5 Ndf6 21. Nxe4
Nxe4 22. Bc7 Rfe8 23. f3 Nf6 24. Bb6 Qb8 25. Nc5 Bh6 26. Nxb7 Qxb7 27. Rxc8
Rxc8 28. Bd4 Bg7 29. Qb2 Ne8 30. Ba4 Bxd4 31. Qxd4 Ng7 32. e4 dxe4 33. fxe4 Nh5
34. g3 Qc7 35. Kg2 h6 36. Rd2 Qc1 37. Bd1 Nf6 38. Rd3 Nh7 39. a4 Qb1 40. a5 Nf8
41. Rd2 1/2-1/2

[Event "StL-Qual"]
[Site "?"]
[Date "????.??.??"]
[Round "2"]
[White "Brestian, Egon"]
[Black "Rotstein, Arkadij"]
[Result "1-0"]
[WhiteElo "2440"]
[BlackElo "2485"]
[PlyCount "121"]

1. d4 Nf6 2. Nf3 e6 3. e3 b6 4. Nbd2 Bb7 5. Be2 g6 6. O-O Bg7 7. b3 O-O 8. Bb2
c5 9. c4 Nc6 10. Rc1 d6 11. Qc2 Qe7 12. a3 Rfd8 13. Rfd1 Rac8 14. Qb1 cxd4 15.
Nxd4 Nxd4 16. Bxd4 Nd7 17. Bxg7 Kxg7 18. Bf3 Ne5 19. Bxb7 Qxb7 20. Ne4 Qe7 21.
Qa1 Kg8 22. h3 Rc6 23. f4 Nd7 24. Qd4 d5 25. cxd5 Rxc1 26. Rxc1 exd5 27. Qxd5
Nc5 28. Qg5 Qxg5 29. Nxg5 h6 30. Nf3 Rd3 31. b4 Ne6 32. Kf2 Rxa3 33. g4 Rb3 34.
Ra1 Rxb4 35. Rxa7 Rb2+ 36. Kf1 Rb1+ 37. Ke2 Rb2+ 38. Kf1 Rc2 39. Ne5 Nc7 40. e4
b5 41. Rb7 Kf8 42. Ke1 Ke7 43. Kd1 Rc5 44. Kd2 g5 45. Nd3 Rc4 46. f5 f6 47. e5
fxe5 48. Nxe5 Rc5 49. f6+ Ke6 50. f7 Rd5+ 51. Nd3 Kxf7 52. Rxc7+ Kg6 53. Ke3
Rd6 54. Ke4 Kf6 55. Rb7 Re6+ 56. Kf3 Rd6 57. Nb4 Rd4 58. Rxb5 h5 59. Nd5+ Ke6
60. Ne3 Rf4+ 61. Ke2 1-0

[Event "StL-Qual"]
[Site "?"]
[Date "????.??.??"]
[Round "2"]
[White "Weber, Gerold"]
[Black "Kwatschewsky, Lev"]
[Result "1-0"]
[WhiteElo "2360"]
[BlackElo "2230"]
[PlyCount "169"]

1. b4 e5 2. Bb2 d6 3. e3 Nf6 4. c4 g6 5. Nc3 Bg7 6. Nf3 O-O 7. d4 exd4 8. Nxd4
Nc6 9. a3 a5 10. b5 Nxd4 11. Qxd4 Nd7 12. Qd2 Nc5 13. Nd5 Be6 14. Bxg7 Kxg7 15.
Qb2+ f6 16. Nf4 Qe7 17. Be2 Bf7 18. Rd1 Qe5 19. Qc2 g5 20. Nd5 Bg6 21. Qc3 Rf7
22. O-O c6 23. Qxe5 fxe5 24. Nc3 Rd8 25. Rd2 Kf8 26. Rfd1 Ke7 27. Bf3 e4 28.
Be2 Rf6 29. Rb2 Kd7 30. Bg4+ Bf5 31. Be2 Bg6 32. Rd4 h5 33. h3 Re8 34. Bd1 Re5
35. Rbd2 Kc7 36. Bc2 h4 37. Bd1 Bf7 38. Bc2 Bg6 39. Rd1 Bh5 40. Rb1 Bg6 41. Rb2
Re8 42. Na4 Nxa4 43. Bxa4 Re5 44. bxc6 bxc6 45. Rd1 Bf5 46. Rdb1 Bc8 47. Bd1
Rc5 48. Be2 d5 49. cxd5 cxd5 50. Bg4 Ba6 51. Rb8 Rfc6 52. Rg8 Rc1+ 53. Rxc1
Rxc1+ 54. Kh2 Ra1 55. Rg7+ Kb6 56. Rg6+ Kb7 57. Rxg5 Bc4 58. g3 hxg3+ 59. Kxg3
Rxa3 60. h4 d4 61. Kf4 d3 62. h5 Ra2 63. h6 Rxf2+ 64. Kxe4 d2 65. h7 Rf8 66.
Kd4 Be6 67. Rg7+ Kb8 68. Bd1 Rd8+ 69. Ke5 Bc4 70. e4 Re8+ 71. Kf6 Re6+ 72. Kg5
Re5+ 73. Kh6 Re8 74. Rd7 Kc8 75. Re7 Rxe7 76. h8=Q+ Kb7 77. Qd4 Bb5 78. Qxd2
Re6+ 79. Kg5 Ka6 80. Bf3 a4 81. Kf5 Rb6 82. Ke5 Bc4 83. Bg4 a3 84. Qc3 Bb3 85.
Bc8+ 1-0

[Event "StL-Qual"]
[Site "?"]
[Date "????.??.??"]
[Round "2"]
[White "Bonstingl, Georg"]
[Black "Heidenfeld, Mark"]
[Result "1/2-1/2"]
[WhiteElo "2235"]
[BlackElo "2320"]
[PlyCount "83"]

1. Nf3 Nf6 2. g3 b6 3. Bg2 Bb7 4. O-O e6 5. d3 d5 6. Nbd2 c5 7. e4 Nc6 8. Re1
Qc7 9. Qe2 g6 10. exd5 Nxd5 11. Ne4 O-O-O 12. a3 Bg7 13. Rb1 h6 14. c4 Nde7 15.
b4 Nf5 16. Bb2 Bxb2 17. Qxb2 cxb4 18. axb4 Ncd4 19. Nxd4 Nxd4 20. c5 f5 21.
Nd6+ Rxd6 22. cxd6 Qxd6 23. Rbc1+ Kb8 24. f4 Bxg2 25. Qxg2 Qxb4 26. h4 Rg8 27.
Qf2 Rd8 28. Qe3 Rd5 29. Kg2 b5 30. Kh3 Kb7 31. Rb1 Qd6 32. Rec1 a5 33. Qd2 Kb6
34. Rc8 Rc5 35. Ra8 b4 36. Rxb4+ axb4 37. Qxb4+ Nb5 38. Qa5+ Kb7 39. Rd8 Qe7
40. Qa8+ Kc7 41. Qa5+ Kb7 42. Qa8+ 1/2-1/2

[Event "StL-Qual"]
[Site "?"]
[Date "????.??.??"]
[Round "2"]
[White "Ivanussa, Bogumir"]
[Black "Lenz, Alarich"]
[Result "1/2-1/2"]
[WhiteElo "2217"]
[BlackElo "2220"]
[PlyCount "51"]

1. e4 e6 2. d4 d5 3. exd5 exd5 4. Bd3 Nc6 5. c3 Bd6 6. Ne2 Nge7 7. Qc2 Bg4 8.
h3 Bh5 9. f4 f6 10. b4 Qd7 11. O-O f5 12. Ng3 Bg6 13. Nd2 O-O 14. Nf3 Kh8 15.
Ne5 Qc8 16. Bd2 Nd8 17. Rae1 b6 18. b5 c5 19. bxc6 Ndxc6 20. Re2 b5 21. Nf3 Qc7
22. Ng5 Qb6 23. Ne6 Rf6 24. Rb1 b4 25. a3 a5 26. Qb2 1/2-1/2

[Event "StL-Qual"]
[Site "?"]
[Date "????.??.??"]
[Round "2"]
[White "Wallner, Alfred"]
[Black "Steiner, Bruno"]
[Result "1/2-1/2"]
[WhiteElo "2215"]
[BlackElo "2170"]
[PlyCount "93"]

1. e4 e5 2. Nf3 Nc6 3. Bb5 a6 4. Ba4 Nf6 5. O-O Nxe4 6. d4 b5 7. Bb3 d5 8. dxe5
Be6 9. Nbd2 Bc5 10. Nxe4 dxe4 11. Ng5 Qxd1 12. Rxd1 e3 13. Bxe3 Bxe3 14. Nxe6
fxe6 15. Bxe6 Bd4 16. Bd5 O-O-O 17. Bxc6 Bxb2 18. Rab1 Bxe5 19. g3 Rhf8 20. Kg2
Rd4 21. Rxd4 Bxd4 22. f3 Bc3 23. Rd1 h6 24. Rd3 b4 25. Re3 Kb8 26. Re6 Ka7 27.
Be4 Rd8 28. Bd3 Rd6 29. Rxd6 cxd6 30. Kh3 Kb6 31. Kg4 a5 32. Kh5 Kc5 33. Kg6
Bf6 34. f4 Kd4 35. g4 Kc3 36. h4 Kb2 37. g5 hxg5 38. hxg5 Bc3 39. Bc4 Kxc2 40.
f5 a4 41. f6 gxf6 42. gxf6 Bxf6 43. Kxf6 Kc3 44. Bd5 b3 45. axb3 axb3 46. Bxb3
Kxb3 47. Ke6 1/2-1/2

[Event "StL-Qual"]
[Site "?"]
[Date "????.??.??"]
[Round "3"]
[White "Rotstein, Arkadij"]
[Black "Schlosser, Philipp"]
[Result "1-0"]
[WhiteElo "2485"]
[BlackElo "2515"]
[PlyCount "61"]

1. c4 Nf6 2. Nf3 c5 3. d4 cxd4 4. Nxd4 Nc6 5. Nc3 e6 6. g3 Qb6 7. Nb3 Ne5 8. e4
Bb4 9. Qe2 d6 10. f4 Nc6 11. Be3 Qc7 12. Bg2 Bxc3+ 13. bxc3 O-O 14. O-O b6 15.
Nd4 e5 16. Nb5 Qe7 17. f5 Bb7 18. Rad1 Rfd8 19. g4 Na5 20. Bc1 h6 21. h4 Nh7
22. g5 hxg5 23. hxg5 Nxg5 24. f6 gxf6 25. Rd3 Kg7 26. Rg3 Rg8 27. Rf5 Kf8 28.
Qh5 Ke8 29. Bxg5 Rxg5 30. Rgxg5 fxg5 31. Rxf7 1-0

[Event "StL-Qual"]
[Site "?"]
[Date "????.??.??"]
[Round "3"]
[White "Hort, Vlastimil"]
[Black "Weber, Gerold"]
[Result "1-0"]
[WhiteElo "2510"]
[BlackElo "2360"]
[PlyCount "91"]

1. d4 Nf6 2. c4 g6 3. Nc3 Bg7 4. e4 d6 5. Nge2 O-O 6. Ng3 c5 7. d5 e6 8. Be2
exd5 9. exd5 a6 10. a4 Nbd7 11. O-O Ne8 12. f4 f5 13. Ra3 Rb8 14. Kh1 Kh8 15.
Bd2 Nef6 16. Bf3 Ng8 17. a5 b5 18. axb6 Nxb6 19. b3 Re8 20. Re1 Rxe1+ 21. Bxe1
Nd7 22. Nce2 h6 23. Qc2 Ndf6 24. h3 Ra8 25. Ba5 Qf8 26. Ra1 Ra7 27. Re1 Rb7 28.
Nc1 h5 29. Nd3 Bh6 30. Bc3 Kh7 31. Qd1 Rc7 32. Nf1 Re7 33. Nd2 Qe8 34. Rxe7+
Qxe7 35. Qe2 Qxe2 36. Bxe2 g5 37. b4 gxf4 38. bxc5 Ne4 39. Nxe4 fxe4 40. cxd6
Bg7 41. Ne5 Nf6 42. Ba5 Kh6 43. c5 Nxd5 44. d7 Bxd7 45. Nxd7 Kg5 46. c6 1-0

[Event "StL-Qual"]
[Site "?"]
[Date "????.??.??"]
[Round "3"]
[White "Heidenfeld, Mark"]
[Black "Wach, Markus"]
[Result "0-1"]
[WhiteElo "2320"]
[BlackElo "2410"]
[PlyCount "134"]

1. e4 c6 2. d4 d5 3. Nc3 dxe4 4. Nxe4 Nd7 5. Nf3 Ngf6 6. Nxf6+ Nxf6 7. h3 g6 8.
Bc4 Bg7 9. O-O O-O 10. c3 Bf5 11. Bf4 Nd5 12. Be5 Bh6 13. Re1 Qd7 14. Bg3 Rad8
15. Bh4 f6 16. Qe2 g5 17. Bg3 Rfe8 18. Nh2 Bg7 19. f4 gxf4 20. Bxf4 Kh8 21. Bg3
Bh6 22. Bd3 Nf4 23. Bxf4 Bxf4 24. Bxf5 Qxf5 25. Qg4 Qxg4 26. Nxg4 h5 27. Re4
hxg4 28. Rxf4 gxh3 29. gxh3 Kg7 30. Raf1 Rd5 31. b4 Kf7 32. R1f2 Red8 33. Kf1
b6 34. Rh4 R8d7 35. Ke2 c5 36. bxc5 bxc5 37. Ke3 Ke6 38. Kd3 cxd4 39. cxd4 R7d6
40. Rc2 Ra6 41. Rh2 Kd6 42. Rf4 Ra3+ 43. Kc4 Rda5 44. h4 R5a4+ 45. Kb5 Rxa2 46.
Rxa2 Rxa2 47. h5 Rh2 48. Rf5 Ke6 49. Rc5 f5 50. Kc4 Rxh5 51. Ra5 Rh3 52. Ra6+
Kf7 53. d5 f4 54. Rxa7 Kf6 55. Ra6+ Kf5 56. Ra8 Re3 57. Re8 Kg4 58. Kd4 Kf3 59.
Rf8 e5+ 60. Kc5 Rd3 61. Kc6 e4 62. Kd6 Ke3 63. Ke5 f3 64. Rf7 Rd1 65. Rf8 Rd2
66. Rf7 f2 67. Rf8 Kd3 0-1

[Event "StL-Qual"]
[Site "?"]
[Date "????.??.??"]
[Round "3"]
[White "Martinovic, Slobodan"]
[Black "Wukits, Rene"]
[Result "1/2-1/2"]
[WhiteElo "2470"]
[BlackElo "2250"]
[PlyCount "148"]

1. Nf3 Nf6 2. g3 b5 3. Bg2 Bb7 4. b3 e6 5. c4 bxc4 6. bxc4 c5 7. Nc3 Be7 8. Rb1
Bc6 9. O-O O-O 10. d3 d6 11. Qb3 Nbd7 12. Qa3 a6 13. Bd2 Qc7 14. Rb3 Rfb8 15.
Rfb1 Bf8 16. h3 h6 17. Nd1 Qc8 18. Ba5 Be7 19. Nc3 Bd8 20. Kh2 Bc7 21. Nd2 Bxg2
22. Kxg2 Rxb3 23. Rxb3 Bxa5 24. Qxa5 Ne5 25. Qa4 Ned7 26. Nde4 Nxe4 27. Nxe4
Qc7 28. Rb2 Kf8 29. Rb3 Ke7 30. f4 f5 31. Nd2 Kf7 32. Nf3 Nb8 33. Kf2 Nc6 34.
Qa3 Na5 35. Rb1 Nc6 36. g4 Rb8 37. Rxb8 Nxb8 38. Qb3 Nc6 39. a3 Qb8 40. Qc2
fxg4 41. hxg4 Nd4 42. Qa4 Qb7 43. Nxd4 cxd4 44. Qd1 Qb2 45. Qa4 Qb7 46. Qa5 g6
47. Kg3 Ke8 48. c5 Qc6 49. cxd6 Qxd6 50. g5 h5 51. Qa4+ Ke7 52. Qb3 e5 53. Qb7+
Kf8 54. Qc8+ Kf7 55. Qb7+ Qe7 56. Qd5+ Qe6 57. Qb7+ Ke8 58. Qb8+ Kf7 59. Qc7+
Qe7 60. Qc4+ Kg7 61. Kf3 Qf7 62. Qxf7+ Kxf7 63. e4 dxe3 64. fxe5 Ke6 65. d4 Kf5
66. Kxe3 h4 67. Kf3 Kxg5 68. d5 Kf5 69. d6 Ke6 70. Kg4 g5 71. a4 a5 72. Kh3 Kd7
73. Kg4 Ke6 74. Kh3 Kd7 1/2-1/2

[Event "StL-Qual"]
[Site "?"]
[Date "????.??.??"]
[Round "3"]
[White "Kranewitter, Norbert"]
[Black "Wallner, Alfred"]
[Result "0-1"]
[WhiteElo "2205"]
[BlackElo "2215"]
[PlyCount "72"]

1. e4 c5 2. Nf3 d6 3. d4 cxd4 4. Nxd4 Nf6 5. f3 e5 6. Bb5+ Nbd7 7. Nf5 a6 8.
Ba4 d5 9. exd5 b5 10. Bb3 Nc5 11. Ne3 Bd6 12. O-O O-O 13. Re1 Qb6 14. Kh1 e4
15. Nc3 exf3 16. Qxf3 Qc7 17. Nf5 Bxf5 18. Qxf5 Rfe8 19. Bg5 Nh5 20. Qf3 g6 21.
g4 Ng7 22. Bf6 b4 23. Na4 Nxb3 24. cxb3 Rxe1+ 25. Rxe1 Re8 26. Rf1 Qc2 27. Rf2
Qc1+ 28. Kg2 Re1 29. Bxg7 Rg1+ 30. Kh3 Kxg7 31. Qf6+ Kh6 32. Rf3 Qg5 33. Qxg5+
Kxg5 34. Rxf7 Rxg4 35. Rxh7 Rd4 36. Nb6 Rd2 0-1

[Event "StL-Qual"]
[Site "?"]
[Date "????.??.??"]
[Round "3"]
[White "Kwatschewsky, Lev"]
[Black "Lehner, Oliver"]
[Result "1/2-1/2"]
[WhiteElo "2230"]
[BlackElo "2420"]
[PlyCount "58"]

1. c4 Nf6 2. Nc3 g6 3. e4 d6 4. d4 Bg7 5. Be2 O-O 6. Bg5 Na6 7. h4 e5 8. d5 h6
9. Be3 Nc5 10. Qc2 a5 11. h5 g5 12. f3 Ne8 13. g4 Bd7 14. Nh3 Na6 15. Nf2 c6
16. Qd2 c5 17. O-O Nec7 18. a4 Nb4 19. Nh1 Ne8 20. Ng3 Bf6 21. Nb5 Be7 22. Bd3
Ng7 23. Nc3 Bf6 24. Nb5 Be8 25. Rae1 Nxd3 26. Qxd3 b6 27. b3 Be7 28. Nc3 Bd7
29. Nf5 Kh7 1/2-1/2

[Event "StL-Qual"]
[Site "?"]
[Date "????.??.??"]
[Round "3"]
[White "Videki, Sandor"]
[Black "Bonstingl, Georg"]
[Result "1-0"]
[WhiteElo "2430"]
[BlackElo "2235"]
[PlyCount "53"]

1. e4 c5 2. Nf3 Nc6 3. d4 cxd4 4. Nxd4 Nf6 5. Nc3 e5 6. Ndb5 d6 7. Bg5 a6 8.
Na3 b5 9. Bxf6 gxf6 10. Nd5 f5 11. c3 Bg7 12. exf5 Bxf5 13. Nc2 O-O 14. Nce3
Be6 15. Bd3 f5 16. Qh5 e4 17. Bc2 b4 18. Nf4 Bf7 19. Qxf5 Re8 20. Bxe4 Rxe4 21.
Qxe4 bxc3 22. b3 d5 23. Nfxd5 Qa5 24. Ne7+ Nxe7 25. Qxa8+ Bf8 26. O-O Qg5 27.
Rad1 1-0

[Event "StL-Qual"]
[Site "?"]
[Date "????.??.??"]
[Round "3"]
[White "Schigan, Manfred"]
[Black "Neumeier, Klaus"]
[Result "1-0"]
[WhiteElo "2290"]
[BlackElo "2255"]
[PlyCount "127"]

1. e4 c5 2. c3 Nf6 3. e5 Nd5 4. d4 cxd4 5. Qxd4 e6 6. Nf3 Nc6 7. Qe4 d6 8. Nbd2
dxe5 9. Nxe5 Nxe5 10. Qxe5 Qc7 11. Qxc7 Nxc7 12. Ne4 f6 13. Be3 b6 14. O-O-O
Bb7 15. f3 Bxe4 16. fxe4 Rd8 17. Bc4 Bd6 18. a4 Ke7 19. Kc2 Rb8 20. Rd2 Rhd8
21. h3 Be5 22. Rhd1 Rxd2+ 23. Rxd2 Ne8 24. Bd3 Nd6 25. a5 Rb7 26. axb6 axb6 27.
Rd1 Nf7 28. Ra1 Bd6 29. Ba6 Rb8 30. Bb5 Bc7 31. Ra7 Kd8 32. Bc4 Nd6 33. Bxe6
Nxe4 34. Bf5 Nd6 35. Bxh7 Nc8 36. Ra4 Be5 37. Bd3 Ke7 38. Rg4 Kf8 39. Bd4 Bxd4
40. Rxd4 Ne7 41. Rd6 Ng8 42. Rd7 Nh6 43. Bg6 Rc8 44. Rd6 Rb8 45. b4 Ke7 46. Rc6
Kd7 47. b5 Ng8 48. Bf5+ Kd8 49. Rd6+ Ke8 50. Bg6+ Ke7 51. Rd4 Ke6 52. Bd3 Nh6
53. g4 Ke7 54. Bc4 g5 55. Re4+ Kd7 56. Kd3 Ng8 57. Re6 Rd8 58. Ke4 Rc8 59. Rc6
Re8+ 60. Kd4 Ne7 61. Be6+ Kd8 62. Rd6+ Kc7 63. Rd7+ Kb8 64. Bf7 1-0

[Event "StL-Qual"]
[Site "?"]
[Date "????.??.??"]
[Round "3"]
[White "Weissenbeck, Manuel"]
[Black "Ivanussa, Bogumir"]
[Result "1-0"]
[WhiteElo "2195"]
[BlackElo "2217"]
[PlyCount "67"]

1. d4 Nf6 2. c4 e6 3. Nc3 Bb4 4. e3 Qe7 5. Nge2 O-O 6. a3 Bxc3+ 7. Nxc3 d6 8.
e4 h6 9. Bd3 e5 10. d5 a5 11. h3 Nh7 12. Be3 b6 13. g4 Qh4 14. Qf3 Na6 15.
O-O-O Bd7 16. Rdg1 Nc5 17. Bc2 a4 18. Rg3 Rfb8 19. Nb5 Ng5 20. Qg2 Bxb5 21.
cxb5 Ra5 22. f4 exf4 23. Bxf4 f6 24. Re3 Nf7 25. Qe2 Ne5 26. Rf1 Re8 27. Kb1
Re7 28. Rc3 Ra8 29. Bd2 Rae8 30. Rf5 Ng6 31. Rh5 Nxe4 32. Bxe4 Rxe4 33. Qf3
Re1+ 34. Kc2 1-0

[Event "StL-Qual"]
[Site "?"]
[Date "????.??.??"]
[Round "3"]
[White "Steiner, Bruno"]
[Black "Raubal, Martin"]
[Result "1-0"]
[WhiteElo "2170"]
[BlackElo "2235"]
[PlyCount "75"]

1. e4 d6 2. d4 Nf6 3. Nc3 g6 4. Bg5 Bg7 5. Qe2 c6 6. O-O-O Qa5 7. f4 O-O 8. a3
Bg4 9. Nf3 Re8 10. h3 Bxf3 11. Qxf3 Nbd7 12. g4 e5 13. dxe5 dxe5 14. f5 b5 15.
Bh4 Qc7 16. Be2 a5 17. Rhf1 Kh8 18. g5 Ng8 19. Bxb5 cxb5 20. Nxb5 Qc6 21. Nd6
Rf8 22. f6 Ngxf6 23. gxf6 Bh6+ 24. Kb1 Rab8 25. Rd5 Nb6 26. Rd3 Na4 27. b3 Nc5
28. Rd5 Ne6 29. Rfd1 Nd4 30. Qd3 Bf4 31. Bf2 Ne6 32. Rxa5 Kg8 33. Qc4 Qxc4 34.
Nxc4 Rfc8 35. Nb6 Rc6 36. Nd5 Rbc8 37. Ne7+ Kf8 38. Nxc6 1-0